Partnership law in Uganda / (Record no. 5208)

MARC details
000 -LEADER
fixed length control field 01252nam a22002297a 4500
008 - FIXED-LENGTH DATA ELEMENTS--GENERAL INFORMATION
fixed length control field 121001t xxu||||| |||| 00| 0 eng d
020 ## - INTERNATIONAL STANDARD BOOK NUMBER
International Standard Book Number 9-9661-5326-5
082 ## - DEWEY DECIMAL CLASSIFICATION NUMBER
Edition number 22 ed.
Classification number 346.0682
Item number BAK
100 ## - MAIN ENTRY--PERSONAL NAME
Personal name Bakibinga, David J.
9 (RLIN) 1693
245 ## - TITLE STATEMENT
Title Partnership law in Uganda /
Statement of responsibility, etc David J. Bakibinga
260 ## - PUBLICATION, DISTRIBUTION, ETC. (IMPRINT)
Place of publication, distribution, etc Kampala, Uganda :
Name of publisher, distributor, etc Law Africa Publishing (U) Ltd.
Date of publication, distribution, etc 2012
300 ## - PHYSICAL DESCRIPTION
Extent xxx, 195 p. :
Dimensions 28 cm.
500 ## - GENERAL NOTE
General note Includes Index
650 ## - SUBJECT ADDED ENTRY--TOPICAL TERM
Topical term or geographic name as entry element Partnerships
9 (RLIN) 6794
650 ## - SUBJECT ADDED ENTRY--TOPICAL TERM
Topical term or geographic name as entry element Partnership law in Uganda
9 (RLIN) 6795
942 ## - ADDED ENTRY ELEMENTS (KOHA)
Source of classification or shelving scheme Dewey Decimal Classification
Item type Books
Holdings
Withdrawn status Lost status Source of classification or shelving scheme Damaged status Not for loan Home library Current library Shelving location Date acquired Total Checkouts Full call number Barcode Date last seen Copy number Price effective from Koha item type Public note
    Dewey Decimal Classification     Law Development Centre Main Library Law Development Centre Main Library Text Books and Laws 10/01/2012   346.0682 BAK 4011/2012 10/01/2012 1 10/01/2012 Books Reserve book
    Dewey Decimal Classification     Law Development Centre Main Library Law Development Centre Main Library Text Books and Laws 10/01/2012   346.0682 BAK 4012/2012 10/01/2012 2 10/01/2012 Books Reserve book
    Dewey Decimal Classification     Law Development Centre Main Library Law Development Centre Main Library Text Books and Laws 10/01/2012   346.0682 BAK 4013/2012 10/01/2012 3 10/01/2012 Books Reserve book
    Dewey Decimal Classification     Law Development Centre Main Library Law Development Centre Main Library Text Books and Laws 10/01/2012   346.0682 BAK 4014/2012 10/01/2012 4 10/01/2012 Books Reserve book
    Dewey Decimal Classification     Law Development Centre Main Library Law Development Centre Main Library Text Books and Laws 10/01/2012   346.0682 BAK 4015/2012 10/01/2012 5 10/01/2012 Books Reserve book